|
|
|
|
| LEADER |
00000nab a2200000 a 4500 |
| 001 |
vtls001018814 |
| 003 |
SK-MaSNL |
| 005 |
20260304034104.0 |
| 008 |
040720e19980606xo 0 slo |
| 035 |
|
|
|a SN4752
|
| 040 |
|
|
|a SNSK
|b slo
|c SNSK
|e AACR2
|
| 041 |
0 |
|
|a slo
|
| 044 |
|
|
|a xo
|c SK
|
| 080 |
|
|
|a 379.81
|2 1981
|
| 100 |
1 |
|
|a Dulin, Ján
|4 aut
|9 274646
|
| 245 |
1 |
0 |
|a Dobrý chýr za hranicami
|b V Levoči s fanfárami
|
| 650 |
0 |
7 |
|a letná turistika
|2 SNKPH
|9 253646
|
| 650 |
0 |
7 |
|a otvorenie sezóny
|2 SNSK
|9 886071
|
| 650 |
0 |
7 |
|a informácie
|2 SNSK
|9 1285
|
| 651 |
|
7 |
|a Levoča (Slovensko)
|2 SNSK
|9 26696
|
| 651 |
|
7 |
|a SN,
|2 SNSK
|9 1021277
|
| 655 |
|
7 |
|a periodikum
|2 snkbucl
|9 29553
|
| 773 |
0 |
8 |
|t Pravda
|g Roč. 8, č.129, 6.6.1998, s. 7
|
| 852 |
|
|
|a ZVYKNI
|b KIS3GCP
|
| 999 |
|
|
|c 2651213
|d 2653143
|